[Event "WYCC U16 Open 2019"]
[Site "Mumbai"]
[Date "2019.10.07"]
[Round "7.6"]
[White "Raja Rithvik R"]
[Black "Hilwerda, Jonas"]
[Result "1-0"]
[WhiteElo "2369"]
[BlackElo "2229"]
[Annotator "TA"]
[PlyCount "77"]
[EventDate "2019.10.02"]
[EventType "swiss"]
[EventCountry "IND"]
[SourceTitle "playchess.com"]
[Source "ChessBase"]
[SourceQuality "1"]

{[%evp 14,77,0,8,30,29,30,31,33,19,46,47,46,18,30,16,51,56,57,47,89,72,75,62,128,118,195,116,175,171,193,188,219,229,219,216,229,191,231,232,242,243,246,250,235,240,262,251,340,346,441,449,434,418,481,482,457,433,652,652,948,941,859,789,759,725]} 1. d4 Nf6 2. c4 e6 3. Nc3 Bb4 4. Qc2 d5 5. cxd5 Qxd5 6. e3 c5 7. Bd2 Bxc3 8. Bxc3 Nc6 {[%cal Rc5d4] E34: Nimzo-Indian: Classical: 4...d5} (8... cxd4 9. Bxd4 Nc6 10. Bc3 O-O 11. Nf3 Rd8 12. Be2 Qe4 13. Rc1 Qxc2 14. Rxc2 Bd7 15. Ne5 Nxe5 16. Bxe5 Rac8 17. Rxc8 Rxc8 18. O-O {½-½ (36) So,W (2754)-Carlsen,M (2875) Zagreb 2019}) 9. dxc5 Qxc5 10. Rc1 O-O {[#]White is slightly better.} 11. b4 $1 {[%mdl 512]} Qh5 $146 (11... Nxb4 12. Qd2) ({Predecessor:} 11... Qe7 12. Qb2 Ne4 13. Bxg7 Rd8 14. Rc4 Qd6 15. Be2 Qd2+ 16. Qxd2 Nxd2 17. Bf6 Nxc4 18. Bxd8 Nxe3 19. fxe3 Nxd8 {½-½ (34) Golod,V (2582)-Huzman,A (2577) Montreal 2005}) 12. Be2 Qg6 13. b5 {Threatens to win with Qxg6.} Ne7 14. Nf3 $36 {[%mdl 2048] Black is under pressure.} Ned5 15. Qxg6 hxg6 16. Bd4 Bd7 17. Ne5 Rfc8 18. O-O b6 ({Black should try} 18... Be8 $14) 19. a4 $16 Kf8 (19... Be8 $16) 20. Bb2 (20. f3 $18) 20... Ke8 (20... Be8 $16 {is a better defense.} 21. Rfd1 Ne4) 21. Nc4 $18 {Hoping for Nd6+.} Kf8 22. Bf3 Kg8 23. Rfd1 Be8 24. e4 Nb4 25. Rd4 Rc7 {If only Black now had time for ...Rac8....} 26. Nxb6 Rxc1+ 27. Bxc1 axb6 28. Rxb4 Nd7 29. Be3 e5 30. h3 f6 31. Bg4 Nc5 32. Bxc5 bxc5 {[%mdl 4096] Endgame KRB-KRB} 33. Be6+ Kf8 34. Rc4 {White is clearly winning.} Ke7 35. Bd5 Ra5 (35... Bf7 $142 36. Bxf7 (36. Rxc5 Bxd5 37. exd5 Kd6 $16) 36... Kxf7 37. Rxc5 Rxa4) 36. Rxc5 Rxa4 37. b6 {[%cal Bb5b6,Bb6b7][%mdl 32]} Rb4 38. b7 Bd7 39. Rc8 {Accuracy: White = 93%, Black = 35%.} 1-0

[Event "WYCC U16 Open 2019"]
[Site "Mumbai"]
[Date "2019.10.07"]
[Round "7.7"]
[White "Harshavardhan G B"]
[Black "Kacharava, Nikolozi"]
[Result "1/2-1/2"]
[WhiteElo "2362"]
[BlackElo "2428"]
[Annotator "ChessBase"]
[PlyCount "133"]
[EventDate "2019.10.02"]
[EventType "swiss"]
[EventCountry "IND"]
[SourceTitle "playchess.com"]
[Source "ChessBase"]
[SourceQuality "1"]
[TimeControl "40/5400+30:1800+30"]

1. d4 d5 2. c4 dxc4 3. e4 e5 4. Nf3 exd4 5. Bxc4 Nc6 6. O-O Be6 7. Bxe6 fxe6 8. Qb3 Qd7 9. Qxb7 Rb8 10. Qa6 Nf6 11. Nbd2 Bd6 12. b3 O-O 13. Bb2 e5 14. Rac1 Rb6 15. Qe2 Na5 16. Nc4 Nxc4 17. Qxc4+ Kh8 18. Qe2 Qg4 19. Rce1 Rc6 20. h3 Qd7 21. Rc1 Rxc1 22. Bxc1 Qc6 23. Re1 Nd7 24. Bd2 Qc2 25. Ba5 Qxe2 26. Rxe2 Nc5 27. Bb4 Nd3 28. Bxd6 cxd6 29. Rc2 Nb4 30. Rc7 Nxa2 31. Rxa7 Nc3 32. Nd2 h6 33. Rd7 Ne2+ 34. Kf1 Nf4 35. g3 Nxh3 36. f3 Ng5 37. Ke2 Rc8 38. Nc4 Rf8 39. Nd2 Rc8 40. f4 exf4 41. gxf4 Nh3 42. f5 Rc3 43. Rxd6 Re3+ 44. Kd1 Nf2+ 45. Kc2 Nxe4 46. Rxd4 Nxd2 47. Rxd2 Rf3 48. Rd5 h5 49. b4 h4 50. Rd4 h3 51. Rh4+ Kg8 52. Kd2 Rb3 53. Ke1 Kf7 54. Kf2 Kf6 55. Kg1 Kxf5 56. Kh2 g5 57. Rxh3 Rxb4 58. Rf3+ Kg4 59. Ra3 Kf4 60. Kg2 g4 61. Rc3 Rb2+ 62. Kg1 Ra2 63. Rb3 Re2 64. Ra3 Kg5 65. Rb3 Kh4 66. Ra3 g3 67. Ra8 1/2-1/2

[Event "WYCC U16 Open 2019"]
[Site "Mumbai"]
[Date "2019.10.07"]
[Round "7.8"]
[White "Cardoso Cardoso, Jose Gabriel"]
[Black "Gharibyan, Mamikon"]
[Result "0-1"]
[WhiteElo "2313"]
[BlackElo "2388"]
[Annotator "ChessBase"]
[PlyCount "54"]
[EventDate "2019.10.02"]
[EventType "swiss"]
[EventCountry "IND"]
[SourceTitle "playchess.com"]
[Source "ChessBase"]
[SourceQuality "1"]
[TimeControl "40/5400+30:1800+30"]

1. c4 e5 2. Nc3 Nf6 3. g3 d5 4. cxd5 Nxd5 5. Bg2 Nb6 6. Nf3 Nc6 7. O-O Be7 8. b3 O-O 9. Bb2 Be6 10. Rc1 f6 11. Re1 Qd7 12. Ne4 Rfd8 13. d3 a5 14. Qc2 a4 15. Red1 axb3 16. axb3 Nd5 17. d4 Ndb4 18. Qb1 Bxb3 19. Rd2 Ba2 20. Qa1 Qg4 21. h3 Qg6 22. dxe5 Bd5 23. Rxd5 Rxa1 24. Rxd8+ Bxd8 25. Rxa1 Qxe4 26. exf6 Qc2 27. Bd4 Nxd4 0-1

[Event "WYCC U16 Open 2019"]
[Site "Mumbai"]
[Date "2019.10.07"]
[Round "7.9"]
[White "Wachinger, Nikolas"]
[Black "Sankalp Gupta"]
[Result "1/2-1/2"]
[WhiteElo "2297"]
[BlackElo "2369"]
[Annotator "ChessBase"]
[PlyCount "69"]
[EventDate "2019.10.02"]
[EventType "swiss"]
[EventCountry "IND"]
[SourceTitle "playchess.com"]
[Source "ChessBase"]
[SourceQuality "1"]
[TimeControl "40/5400+30:1800+30"]

1. e4 e6 2. d4 d5 3. Nc3 Bb4 4. Nge2 dxe4 5. a3 Bxc3+ 6. Nxc3 Nf6 7. Bg5 Bd7 8. Nxe4 Bc6 9. Nxf6+ gxf6 10. Bf4 Rg8 11. Bg3 Nd7 12. c4 Nb6 13. Qd2 Qd7 14. b3 O-O-O 15. O-O-O Be4 16. f3 Bf5 17. Bh4 Qe7 18. Qb4 Qxb4 19. axb4 Nd7 20. g4 Bg6 21. b5 Rde8 22. Be2 e5 23. d5 f5 24. gxf5 Bxf5 25. Rhg1 Rg6 26. Bf2 e4 27. fxe4 Bxe4 28. Kd2 Ne5 29. Rg3 Rh6 30. h3 a6 31. Be3 Rd6 32. Bc5 Rh6 33. Be3 Rd6 34. Bc5 Rh6 35. Be3 1/2-1/2

[Event "WYCC U16 Open 2019"]
[Site "Mumbai"]
[Date "2019.10.07"]
[Round "7.10"]
[White "Avila Pavas, Santiago"]
[Black "Turgut, Aydin"]
[Result "1-0"]
[WhiteElo "2406"]
[BlackElo "2281"]
[Annotator "ChessBase"]
[PlyCount "107"]
[EventDate "2019.10.02"]
[EventType "swiss"]
[EventCountry "IND"]
[SourceTitle "playchess.com"]
[Source "ChessBase"]
[SourceQuality "1"]
[TimeControl "40/5400+30:1800+30"]

1. c4 {[%emt 0:00:00]} e5 {[%emt 0:01:40]} 2. Nc3 {[%emt 0:00:00]} Nc6 {[%emt 0:00:16]} 3. g3 {[%emt 0:00:00]} Nf6 {[%emt 0:03:15]} 4. Bg2 {[%emt 0:00:31]} g6 {[%emt 0:02:28]} 5. e3 {[%emt 0:03:36]} Bg7 {[%emt 0:09:56]} 6. Nge2 {[%emt 0:01:01]} O-O {[%emt 0:01:09]} 7. O-O {[%emt 0:00:35]} d6 {[%emt 0:04:07]} 8. d3 {[%emt 0:06:31]} Be6 {[%emt 0:01:21]} 9. Nd5 {[%emt 0:00:09]} Qd7 {[%emt 0:07:34]} 10. Nec3 {[%emt 0:00:30]} Ne8 {[%emt 0:07:22]} 11. Rb1 {[%emt 0:02:43]} f5 {[%emt 0:02:08]} 12. Qa4 {[%emt 0:10:54]} Nd8 {[%emt 0:08:40]} 13. Qxd7 {[%emt 0:00:28]} Bxd7 {[%emt 0:00:02]} 14. f4 {[%emt 0:14:04]} c6 {[%emt 0:07:03]} 15. Nb4 {[%emt 0:00:07]} Ne6 {[%emt 0:03:16]} 16. Nc2 {[%emt 0:02:18]} Rc8 {[%emt 0:06:11]} 17. Rd1 {[%emt 0:16:13]} N8c7 {[%emt 0:09:01]} 18. Bd2 {[%emt 0:02:16]} Rfd8 {[%emt 0:03:38]} 19. Rbc1 {[%emt 0:01:34]} Be8 {[%emt 0:01:35]} 20. Ne1 {[%emt 0:04:38]} Bf6 {[%emt 0:05:40]} 21. Nf3 {[%emt 0:09:40]} Bf7 {[%emt 0:06:11]} 22. b4 {[%emt 0:03:50]} h6 {[%emt 0:01:42]} 23. h4 {[%emt 0:04:40]} Kg7 {[%emt 0:00:02]} 24. Bh3 {[%emt 0:00:45]} exf4 {[%emt 0:03:53]} 25. gxf4 {[%emt 0:00:09]} d5 {[%emt 0:01:03]} 26. cxd5 {[%emt 0:00:57]} cxd5 {[%emt 0:01:11]} 27. d4 {[%emt 0:00:43]} Ne8 {[%emt 0:01:04]} 28. Be1 {[%emt 0:01:28]} Nd6 {[%emt 0:01:32]} 29. Ne5 {[%emt 0:02:49]} Ne4 {[%emt 0:00:44]} 30. Nxe4 {[%emt 0:00:50]} dxe4 {[%emt 0:00:05]} 31. Nxf7 {[%emt 0:01:51]} Kxf7 {[%emt 0:01:04]} 32. h5 {[%emt 0:00:41]} Ng7 {[%emt 0:00:35]} 33. hxg6+ {[%emt 0:00:12]} Kxg6 {[%emt 0:00:02]} 34. Bf1 {[%emt 0:02:13]} Ne8 {[%emt 0:00:23]} 35. b5 {[%emt 0:02:15]} Be7 {[%emt 0:00:28]} 36. Bc4 {[%emt 0:01:03]} Ba3 {[%emt 0:00:23]} 37. Rc3 {[%emt 0:00:21]} Bb2 {[%emt 0:01:10]} 38. Rc2 {[%emt 0:00:12]} Nd6 {[%emt 0:00:07]} 39. Rg2+ {[%emt 0:00:16]} Kh7 {[%emt 0:00:32]} 40. Be6 {[%emt 0:00:07]} Rc1 {[%emt 0:00:42]} 41. Rxc1 {[%emt 0:33:02]} Bxc1 {[%emt 0:30:09]} 42. Kf2 {[%emt 0:01:14]} Rf8 {[%emt 0:00:00]} 43. Bb4 {[%emt 0:00:00]} Rf6 {[%emt 0:00:00]} 44. d5 {[%emt 0:00:00]} Nxb5 {[%emt 0:00:00]} 45. Be7 {[%emt 0:00:00]} Rxe6 {[%emt 0:00:00]} 46. dxe6 {[%emt 0:00:00]} Nc7 {[%emt 0:00:00]} 47. Rg1 {[%emt 0:00:00]} Bb2 {[%emt 0:00:00]} 48. Rb1 {[%emt 0:00:00]} Bg7 {[%emt 0:00:00]} 49. Rxb7 {[%emt 0:00:00]} Nxe6 {[%emt 0:00:00]} 50. Bf6 {[%emt 0:00:00]} a5 {[%emt 0:00:00]} 51. Ra7 {[%emt 0:00:00]} Kg6 {[%emt 0:00:00]} 52. Bxg7 {[%emt 0:00:00]} Nxg7 {[%emt 0:00:00]} 53. Rxa5 {[%emt 0:00:00]} Ne8 {[%emt 0:00:00]} 54. a4 {[%emt 0:00:00]} 1-0

[Event "WYCC U16 Open 2019"]
[Site "Mumbai"]
[Date "2019.10.07"]
[Round "7.11"]
[White "Nogerbek, Kazybek"]
[Black "Soham Kamotra"]
[Result "1/2-1/2"]
[WhiteElo "2387"]
[BlackElo "2091"]
[Annotator "TA"]
[PlyCount "94"]
[EventDate "2019.10.02"]
[EventType "swiss"]
[EventCountry "IND"]
[SourceTitle "playchess.com"]
[Source "ChessBase"]
[SourceQuality "1"]

{[%evp 10,94,8,12,31,24,25,29,36,12,18,4,5,-24,-22,-66,-59,-41,-45,-77,-16,-28,-33,-59,-47,-79,-81,-87,-81,-80,-79,-112,-113,-145,-142,-143,-138,-164,-107,-133,-109,-105,-78,-131,-108,-117,-106,-116,-106,-145,-138,-149,-118,-118,-124,-140,-115,-129,-118,-118,-109,-117,-85,-136,-135,-170,-118,-118,-118,-118,-119,-167,-142,-132,-158,-158,-150,-162,-119,-85,0,-152,0,-89,0,-140,443]} 1. e4 c6 2. d4 d5 3. e5 Bf5 4. Nd2 e6 5. Nb3 Nd7 6. Nf3 Ne7 {B12: Caro-Kann: Advance Variation} 7. Be2 h6 8. O-O g5 {White has an edge.} 9. Bd2 Bg7 10. Ba5 $146 ({Predecessor:} 10. Ne1 b6 11. Rc1 c5 12. c4 dxc4 13. Bxc4 O-O 14. f4 gxf4 15. Bxf4 {½-½ (37) Borisek,J (2565)-Eljanov,P (2717) Berlin 2015}) 10... b6 11. Bd2 O-O 12. c4 c5 13. cxd5 Nxd5 14. Bc4 Nc7 (14... a5 $17 15. a4 Nb4) 15. dxc5 $11 bxc5 16. Bc3 Nb6 17. Be2 Ncd5 18. Nxc5 Nxc3 19. bxc3 Qc7 20. Na6 Qxc3 21. Qb3 Bxe5 22. Nxe5 Qxe5 23. Rae1 Rad8 (23... Rac8 $19 24. Bf3 Qc3) 24. Nb4 Rd6 25. Bf3 Qb5 26. Be2 ({White should try} 26. Rc1) 26... Qa4 27. Rc1 Rd2 28. Qxa4 Nxa4 29. Bd1 Nb2 30. Bf3 Nd3 31. Nxd3 Rxd3 32. Rfd1 Rfd8 33. h3 Rxd1+ 34. Bxd1 $17 {[%mdl 4096] Endgame KRB-KRB} Rd5 35. Bb3 Re5 36. a4 (36. Rc7 $142) 36... Kg7 37. Rc7 a5 (37... Re1+ $19 38. Kh2 Rb1) 38. Ra7 Bd3 39. Rd7 Be2 40. Ra7 Kf6 41. f3 Rc5 42. Kf2 Bd3 43. Ke3 Bf1 44. Kf2 {[#]} Bd3 (44... Rc1 $142 $1 45. Rxa5 Bd3) 45. Ke3 Bf1 (45... Rc3 $142 46. Bd1 Bc4+ 47. Kd2 Rd3+ 48. Ke1 Re3+ 49. Kd2 Rd3+ 50. Ke1 Re3+ 51. Kf2 Ra3 52. Rxa5 Ra2+ 53. Ke3 Rxg2) 46. Kf2 $1 {[%cal Rf2f1] [#]} Bd3 ({Better is} 46... Rc1 $1 47. Rxa5 Bd3) 47. Ke3 Ke5 $2 {[%mdl 40960] Accuracy: White = 54%, Black = 63%. . An unexpected result.} (47... Rc3 $17 {keeps the pressure on.} 48. Bd1 Bc4+ 49. Kf2 Rc1) 1/2-1/2

[Event "WYCC U16 Open 2019"]
[Site "Mumbai"]
[Date "2019.10.07"]
[Round "7.12"]
[White "Talukdar, Rohan"]
[Black "Lumachi, Gabriele"]
[Result "1/2-1/2"]
[WhiteElo "2369"]
[BlackElo "2207"]
[Annotator "ChessBase"]
[PlyCount "147"]
[EventDate "2019.10.02"]
[EventType "swiss"]
[EventCountry "IND"]
[SourceTitle "playchess.com"]
[Source "ChessBase"]
[SourceQuality "1"]
[TimeControl "40/5400+30:1800+30"]

1. e4 e5 2. Nf3 Nc6 3. Bb5 Nf6 4. d3 d6 5. c3 a6 6. Ba4 g6 7. d4 Bd7 8. O-O Bg7 9. Re1 O-O 10. Bg5 h6 11. Bh4 g5 12. Bg3 Nxe4 13. Rxe4 f5 14. Re2 f4 15. dxe5 Bg4 16. exd6 Bxf3 17. gxf3 Qxd6 18. Qxd6 cxd6 19. Bxc6 bxc6 20. Nd2 a5 21. a4 d5 22. Ra3 Rfb8 23. Rb3 c5 24. Re6 fxg3 25. hxg3 Rxb3 26. Nxb3 c4 27. Nd4 Bxd4 28. cxd4 Rb8 29. Ra6 Rxb2 30. Rxa5 c3 31. Rc5 c2 32. Kg2 Ra2 33. a5 Rxa5 34. Rxc2 Ra4 35. Rd2 Kg7 36. Kf1 Kg6 37. Ke2 h5 38. Ke3 Kf5 39. Rd3 Ra8 40. Rb3 Re8+ 41. Kd2 h4 42. Rb6 hxg3 43. fxg3 g4 44. fxg4+ Ke4 45. g5 Kxd4 46. g6 Ke5 47. Ke3 Kf5+ 48. Kf3 Rg8 49. Rd6 Kg5 50. g4 Rf8+ 51. Kg3 Rg8 52. Kf3 Rf8+ 53. Kg3 Rg8 54. Rxd5+ Kxg6 55. Rd6+ Kg5 56. Rd5+ Kg6 57. Rd6+ Kg5 58. Ra6 Rb8 59. Ra5+ Kg6 60. Ra6+ Kg5 61. Ra5+ Kg6 62. Kh4 Rh8+ 63. Rh5 Rxh5+ 64. gxh5+ Kg7 65. Kg5 Kh7 66. Kg4 Kh6 67. Kh4 Kh7 68. Kg5 Kg8 69. Kh6 Kh8 70. Kg6 Kg8 71. h6 Kh8 72. Kf5 Kg8 73. Kg6 Kh8 74. h7 1/2-1/2

[Event "WYCC U16 Open 2019"]
[Site "Mumbai"]
[Date "2019.10.07"]
[Round "7.13"]
[White "Ammar, Sedrani"]
[Black "Tarlabasi, Emirhan"]
[Result "1-0"]
[WhiteElo "2053"]
[BlackElo "2365"]
[Annotator "ChessBase"]
[PlyCount "115"]
[EventDate "2019.10.02"]
[EventType "swiss"]
[EventCountry "IND"]
[SourceTitle "playchess.com"]
[Source "ChessBase"]
[SourceQuality "1"]
[TimeControl "40/5400+30:1800+30"]

1. d4 {[%emt 0:00:19]} d5 {[%emt 0:00:00]} 2. Nf3 {[%emt 0:00:08]} Nf6 {[%emt 0:00:28]} 3. Bf4 {[%emt 0:00:18]} c5 {[%emt 0:00:36]} 4. e3 {[%emt 0:00:10]} Nc6 {[%emt 0:00:19]} 5. Nc3 {[%emt 0:02:23]} a6 {[%emt 0:10:38]} 6. dxc5 {[%emt 0:08:16]} e6 {[%emt 0:10:50]} 7. Bd3 {[%emt 0:00:45]} Bxc5 {[%emt 0:06:25]} 8. O-O {[%emt 0:00:49]} O-O {[%emt 0:07:27]} 9. e4 {[%emt 0:01:09]} h6 {[%emt 0:09:58]} 10. exd5 {[%emt 0:03:43]} exd5 {[%emt 0:00:26]} 11. h3 {[%emt 0:02:11]} Re8 {[%emt 0:03:04]} 12. a3 {[%emt 0:05:34]} Ne4 {[%emt 0:08:57]} 13. Bxe4 {[%emt 0:04:19]} dxe4 {[%emt 0:00:43]} 14. Qxd8 {[%emt 0:00:30]} Nxd8 {[%emt 0:00:18]} 15. Nd2 {[%emt 0:00:16]} f5 {[%emt 0:06:27]} 16. Nb3 {[%emt 0:01:27]} Ba7 {[%emt 0:02:04]} 17. Nd5 {[%emt 0:07:08]} Ne6 {[%emt 0:01:43]} 18. Be3 {[%emt 0:03:24]} b5 {[%emt 0:15:03]} 19. Rad1 {[%emt 0:02:12]} Bb7 {[%emt 0:07:25]} 20. Bxa7 {[%emt 0:06:10]} Rxa7 {[%emt 0:00:29]} 21. Nb6 {[%emt 0:00:30]} Re7 {[%emt 0:03:24]} 22. Na5 {[%emt 0:02:37]} Kf7 {[%emt 0:03:20]} 23. Nxb7 {[%emt 0:01:48]} Raxb7 {[%emt 0:00:47]} 24. Nc8 {[%emt 0:00:02]} Rbc7 {[%emt 0:00:37]} 25. Nxe7 {[%emt 0:00:03]} Kxe7 {[%emt 0:00:03]} 26. Rd2 {[%emt 0:00:59]} g6 {[%emt 0:00:57]} 27. Re1 {[%emt 0:00:30]} Kf6 {[%emt 0:00:26]} 28. f3 {[%emt 0:00:49]} Ke5 {[%emt 0:00:33]} 29. fxe4 {[%emt 0:00:36]} f4 {[%emt 0:00:28]} 30. Rd5+ {[%emt 0:01:28]} Kf6 {[%emt 0:00:01]} 31. c3 {[%emt 0:00:20]} Rc4 {[%emt 0:00:49]} 32. Kf2 {[%emt 0:01:21]} g5 {[%emt 0:00:40]} 33. Kf3 {[%emt 0:02:10]} h5 {[%emt 0:00:22]} 34. Rd7 {[%emt 0:03:25]} a5 {[%emt 0:00:41]} 35. e5+ {[%emt 0:01:08]} Kg6 {[%emt 0:00:01]} 36. Re7 {[%emt 0:01:11]} g4+ {[%emt 0:00:58]} 37. hxg4 {[%emt 0:00:56]} Ng5+ {[%emt 0:00:19]} 38. Kf2 {[%emt 0:00:06]} hxg4 {[%emt 0:00:08]} 39. e6 {[%emt 0:00:55]} Kf6 {[%emt 0:00:33]} 40. Re8 {[%emt 0:01:12]} Ne4+ {[%emt 0:00:57]} 41. Kf1 {[%emt 0:31:02]} f3 {[%emt 0:24:15]} 42. gxf3 {[%emt 0:00:00]} Nd2+ {[%emt 0:02:12]} 43. Kf2 {[%emt 0:00:00]} Nxf3 {[%emt 0:00:39]} 44. Re3 {[%emt 0:00:00]} Ng5 {[%emt 0:00:29]} 45. Kg2 {[%emt 0:00:00]} Rc6 {[%emt 0:01:29]} 46. e7 {[%emt 0:00:00]} Ne6 {[%emt 0:00:03]} 47. Rb8 {[%emt 0:00:00]} Kxe7 {[%emt 0:00:05]} 48. Rxb5 {[%emt 0:00:00]} a4 {[%emt 0:01:00]} 49. Rb4 {[%emt 0:00:00]} Kf6 {[%emt 0:00:35]} 50. Rxa4 {[%emt 0:00:00]} Kf5 {[%emt 0:03:43]} 51. Kg3 {[%emt 0:00:00]} Rd6 {[%emt 0:00:24]} 52. Rae4 {[%emt 0:00:00]} Ng5 {[%emt 0:00:29]} 53. Re5+ {[%emt 0:00:00]} Kf6 {[%emt 0:00:23]} 54. Kxg4 {[%emt 0:00:00]} Nf7 {[%emt 0:00:01]} 55. Rf5+ {[%emt 0:00:00]} Kg6 {[%emt 0:00:08]} 56. Kf4 {[%emt 0:00:00]} Nh6 {[%emt 0:00:07]} 57. Rg3+ {[%emt 0:00:00]} Kh7 {[%emt 0:00:02]} 58. Rh5 {[%emt 0:00:00]} 1-0

[Event "WYCC U16 Open 2019"]
[Site "Mumbai"]
[Date "2019.10.07"]
[Round "7.14"]
[White "Mis, Mieszko"]
[Black "Akshit Kumar J"]
[Result "1-0"]
[WhiteElo "2345"]
[BlackElo "1912"]
[Annotator "ChessBase"]
[PlyCount "55"]
[EventDate "2019.10.02"]
[EventType "swiss"]
[EventCountry "IND"]
[SourceTitle "playchess.com"]
[Source "ChessBase"]
[SourceQuality "1"]
[TimeControl "40/5400+30:1800+30"]

1. d4 d5 2. c4 c6 3. Nf3 Nf6 4. Qb3 e6 5. g3 Nbd7 6. Bg2 Bd6 7. O-O O-O 8. Nc3 dxc4 9. Qxc4 Qe7 10. e4 e5 11. Re1 Rd8 12. Qe2 h6 13. h3 a5 14. Be3 a4 15. a3 exd4 16. Nxd4 Nc5 17. Qc4 Bd7 18. e5 Bxe5 19. Bf4 b5 20. Qf1 Nce4 21. Bxe4 Bxh3 22. Qxh3 Rxd4 23. Bxe5 Rxe4 24. Nxe4 Qxe5 25. Nxf6+ Qxf6 26. Re2 Rd8 27. Rae1 Kh7 28. Qh4 1-0

[Event "WYCC U16 Open 2019"]
[Site "Mumbai"]
[Date "2019.10.07"]
[Round "7.15"]
[White "Raahul V S"]
[Black "Skurniak, Szymon"]
[Result "0-1"]
[WhiteElo "2262"]
[BlackElo "1997"]
[Annotator "ChessBase"]
[PlyCount "64"]
[EventDate "2019.10.02"]
[EventType "swiss"]
[EventCountry "IND"]
[SourceTitle "playchess.com"]
[Source "ChessBase"]
[SourceQuality "1"]
[TimeControl "40/5400+30:1800+30"]

1. c4 {[%emt 0:00:00]} e5 {[%emt 0:00:00]} 2. g3 {[%emt 0:00:32]} d6 {[%emt 0:00:00]} 3. Bg2 {[%emt 0:00:08]} f5 {[%emt 0:00:00]} 4. Nc3 {[%emt 0:00:28]} Nf6 {[%emt 0:00:00]} 5. e3 {[%emt 0:00:42]} Be7 {[%emt 0:00:24]} 6. Nge2 {[%emt 0:00:40]} O-O {[%emt 0:00:38]} 7. O-O {[%emt 0:00:26]} c6 {[%emt 0:00:16]} 8. d3 {[%emt 0:13:53]} Na6 {[%emt 0:00:29]} 9. f4 {[%emt 0:02:34]} Qe8 {[%emt 0:11:33]} 10. Rb1 {[%emt 0:08:00]} Nc7 {[%emt 0:17:05]} 11. b4 {[%emt 0:06:47]} a6 {[%emt 0:00:50]} 12. a4 {[%emt 0:05:30]} exf4 {[%emt 0:03:25]} 13. exf4 {[%emt 0:05:00]} Qf7 {[%emt 0:07:19]} 14. Qb3 {[%emt 0:10:47]} Re8 {[%emt 0:05:54]} 15. Nd4 {[%emt 0:12:39]} Bd7 {[%emt 0:13:38]} 16. Kh1 {[%emt 0:05:32]} Ng4 {[%emt 0:02:15]} 17. Nc2 {[%emt 0:06:10]} h5 {[%emt 0:02:39]} 18. h4 {[%emt 0:06:52]} Bxh4 {[%emt 0:11:58]} 19. gxh4 {[%emt 0:00:02]} Qf6 20. Rf3 {[%emt 0:01:00]} Qxh4+ {[%emt 0:00:10]} 21. Kg1 {[%emt 0:00:02]} Qh2+ {[%emt 0:00:39]} 22. Kf1 {[%emt 0:00:02]} Qh4 {[%emt 0:00:11]} 23. Kg1 {[%emt 0:01:52]} Qh2+ {[%emt 0:01:08]} 24. Kf1 {[%emt 0:00:01]} Qh4 {[%emt 0:00:01]} 25. Be3 {[%emt 0:04:13]} Nh2+ {[%emt 0:01:16]} 26. Ke2 {[%emt 0:01:12]} Nxf3 {[%emt 0:00:08]} 27. Kxf3 {[%emt 0:00:45]} Ne6 {[%emt 0:04:40]} 28. Ne2 {[%emt 0:04:38]} Ng5+ 29. fxg5 {[%emt 0:00:17]} f4 {[%emt 0:01:28]} 30. c5+ {[%emt 0:01:37]} d5 {[%emt 0:00:18]} 31. Rh1 {[%emt 0:00:06]} Bg4+ {[%emt 0:00:43]} 32. Kxf4 {[%emt 0:00:02]} Bh3+ {[%emt 0:00:21]} 0-1

[Event "WYCC U16 Open 2019"]
[Site "Mumbai"]
[Date "2019.10.07"]
[Round "7.16"]
[White "Nanayakkara, J A K Saranath"]
[Black "Manafov, Vugar"]
[Result "0-1"]
[WhiteElo "1924"]
[BlackElo "2357"]
[Annotator "ChessBase"]
[PlyCount "80"]
[EventDate "2019.10.02"]
[EventType "swiss"]
[EventCountry "IND"]
[SourceTitle "playchess.com"]
[Source "ChessBase"]
[SourceQuality "1"]
[TimeControl "40/5400+30:1800+30"]

1. d4 Nf6 2. Nf3 d5 3. c4 e6 4. Nc3 c6 5. cxd5 exd5 6. Bg5 Be7 7. Qc2 h6 8. Bf4 Nbd7 9. e3 Nh5 10. Be5 Nxe5 11. dxe5 g6 12. Bd3 Ng7 13. O-O Ne6 14. Rad1 Qc7 15. Bxg6 fxg6 16. Qxg6+ Kf8 17. Qf5+ Kg7 18. Qg4+ Ng5 19. Qg3 Kh7 20. Nxg5+ hxg5 21. Rd4 Bf5 22. Rc1 Qb6 23. Rd2 Qb4 24. Rcd1 Qg4 25. Qxg4 Bxg4 26. f3 Be6 27. Ne2 Bb4 28. Rc2 Bf5 29. Rcc1 Rae8 30. Nd4 Rhf8 31. f4 Bg4 32. Rd3 gxf4 33. Rb3 c5 34. Nc2 a5 35. exf4 Rxf4 36. Rd3 Rxe5 37. a3 c4 38. Rg3 Bc5+ 39. Kh1 Bf2 40. Rc3 Be1 0-1

[Event "WYCC U16 Open 2019"]
[Site "Mumbai"]
[Date "2019.10.09"]
[Round "8.1"]
[White "Soto, Miguel Angel"]
[Black "Niemann, Hans Moke"]
[Result "0-1"]
[WhiteElo "2283"]
[BlackElo "2439"]
[Annotator "TA"]
[PlyCount "54"]
[EventDate "2019.10.02"]
[EventType "swiss"]
[EventCountry "IND"]
[SourceTitle "playchess.com"]
[Source "ChessBase"]
[SourceQuality "1"]

{[%evp 16,54,35,41,41,22,54,49,65,57,60,64,62,62,56,46,72,22,18,14,21,10,9,-14,-8,-744,-735,-2385,-2610,-2231,-2274,-1418,-1121,-29988,-29989,-29989,-29990,-29990,-29991,-29991,-29992]} 1. e4 c5 2. Nf3 Nc6 3. Bb5 e6 4. O-O Nge7 5. Re1 a6 6. Bf1 d5 7. exd5 Nxd5 8. d4 cxd4 9. Nxd4 Bd7 {B30: Sicilian: 2...Nc6 3 Bb5, lines without ...g6} (9... Ndb4 10. Nxc6 Qxd1 11. Rxd1 bxc6 12. Na3 Bc5 13. Be3 Bxe3 14. fxe3 Ke7 15. Nc4 c5 16. c3 Nc6 17. Nb6 {½-½ (29) Ferreira,J (2499)-Istratescu,A (2589) Belgium 2018}) 10. Nf5 Qc7 11. Qxd5 {aiming for Bg5.} O-O-O {White is slightly better.} 12. Qc4 exf5 13. Bf4 (13. Qxf7 Ne5 $17) 13... Bd6 14. Bxd6 Qxd6 15. Qxf7 $146 ({Predecessor:} 15. Nc3 Be6 16. Qa4 Qb4 17. Qxb4 Nxb4 {1-0 (60) Melia,S (2381)-Soultatis,K (2160) Nikea 2006}) 15... Ne5 16. Qb3 (16. Qxg7 $2 Nf3+ $1 {[%mdl 512]} 17. gxf3 Rhg8 $19) 16... Ng4 $1 {[%csl Gg4][%cal Rd6h2]} 17. Qg3 f4 $1 {[%cal Rf4g3]} 18. Qc3+ Bc6 19. h3 (19. Qxg7 Nxf2 20. Bc4 Ne4 $19) 19... h5 $1 $40 {[%mdl 128] And now ...f3! would win. Black attacks.} 20. Na3 $2 {[%mdl 8192] [#]} ({Not} 20. hxg4 $2 hxg4 21. Qc4 (21. Qxg7 $2 g3 $19) 21... Qh6 $19) ({Avoid the trap} 20. Qxg7 $2 Nxf2 $1 {[%mdl 512]} 21. Nc3 f3 $19) (20. f3 $11) 20... f3 $1 $19 {[%csl Gg4][%cal Rd6h2][%mdl 512]} 21. hxg4 (21. gxf3 Qh2#) 21... hxg4 {[%csl Gh8][%cal Rd6h2]} 22. Qe5 Qxe5 23. Rxe5 Rh6 24. gxf3 Bxf3 {[%csl Gf3][%cal Rh6h1] Black mates.} 25. Bg2 {[#]} Rdh8 $1 26. Re8+ Rxe8 27. Kf1 Rh2 {Accuracy: White = 40%, Black = 88%.} 0-1